| 000 | 01238nam a22003617a 4500 | ||
|---|---|---|---|
| 001 | 0011840 | ||
| 003 | DO-SdBPM | ||
| 005 | 20260311090122.0 | ||
| 007 | ta | ||
| 008 | 161129b 2005 sp a |||| 00| 0 spa d | ||
| 020 | _a9788420468532 | ||
| 040 |
_aDO-SdBPM _bspa _cBPMSU _erda |
||
| 082 | 0 | 4 |
_aA863.44 _bK42e 2005 _222 |
| 100 | 1 |
_aKeselman, Gabriela _d1953- _eautora _4aut. |
|
| 245 | 1 |
_aElsita elefante dice no / _cGabriela Keselman ; ilustraciones Claudia Bielinsky ; editora Marta Higueras Díez |
|
| 264 |
_aMadrid : _bEdiciones Santillana, _c2005. |
||
| 300 |
_a24 páginas : _bilustración ; _c20 cm. |
||
| 336 |
_atexto _btxt _2rdacontent |
||
| 337 |
_asin mediación _bn _2rdamedia |
||
| 338 |
_avolumen _bnc _2rdacarrier |
||
| 490 | 0 | _aAlfaguara infantil | |
| 500 | _aPasta dura. | ||
| 521 | _aA partir de 4 años. | ||
| 590 | _aInventariado, 2026/VM | ||
| 650 | 7 | _aCuentos infantiles argentinos | |
| 650 | 7 |
_aElefantes _vCuentos infantiles |
|
| 650 | 7 | _aLibros ilustrados para niños | |
| 700 | 1 |
_aBielinsky, Claudia, _eilustración |
|
| 700 | 1 |
_aHigueeras Díez, Marta, _eeditor |
|
| 910 | _aBTAVÁREZ/ VMateo V. Control de calidad. BPMSU | ||
| 942 |
_2ddc _cBK |
||
| 956 |
_aBTAVÁREZ _b10 _c20161129 _d0011840 |
||
| 999 |
_c12147 _d12147 |
||